Biblioteca y Centro de Documentación

Tratado de la Unión Europea, Tratado de Funcionamiento y otros actos básicos de la Unión Europea (Registro nro. 53458)

Detalles MARC
000 -CABECERA
Longitud fija campo de control 01275nam a2200337 c 4500
001 - NÚMERO DE CONTROL
Número de control 53458
003 - IDENTIFICADOR DE NÚMERO DE CONTROL
Identificador del número de control ES-MaCES
005 - FECHA Y HORA DE LA ÚLTIMA TRANSACCIÓN
Fecha y hora de la última transacción 20250203133124.0
008 - CAMPO FIJO DE DESCRIPCIÓN FIJA--INFORMACIÓN GENERAL
Códigos de información de longitud fija   241129s2024 sp l 000 | spa d
017 ## - NÚMERO DE REGISTRO DE DERECHOS DE AUTOR Y DEPÓSITO LEGAL
Número de copyright o de depósito legal M 16745-2024
Agencia que asigna el número DL
020 ## - ISBN (INTERNATIONAL STANDARD BOOK NUMBER)
Número Internacional Normalizado para Libros (ISBN) 9788430990887
040 ## - FUENTE DE CATALOGACIÓN
Centro catalogador de origen ES-MaCES
Lengua de catalogación spa
Centro transcriptor ES-MaCES
245 00 - MENCIÓN DE TÍTULO
Título Tratado de la Unión Europea, Tratado de Funcionamiento y otros actos básicos de la Unión Europea
Mención de responsabilidad, etc. ed. preparada por Araceli Mangas Martín
250 ## - MENCIÓN DE EDICIÓN
Mención de edición 28ª ed
260 ## - PUBLICACIÓN, DISTRIBUCIÓN, ETC (PIE DE IMPRENTA)
Lugar de publicación, distribución, etc. Madrid
Nombre del editor, distribuidor, etc. Tecnos
Fecha de publicación, distribución, etc. 2024
300 ## - DESCRIPCIÓN FÍSICA
Extensión 684 p
Dimensiones 17 cm
490 1# - MENCIÓN DE SERIE
Mención de serie Biblioteca de Textos Legales
Designación de volumen o secuencia 149
500 ## - NOTA GENERAL
Nota general Índices
541 ## - NOTA DE LA FUENTE INMEDIANTE DE ADQUISICIÓN
Forma de adquisición Compra
650 #4 - ASIENTO SECUNDARIO DE MATERIA--TÉRMINO DE MATERIA
Término de materia o nombre geográfico como elemento inicial Tratado CE
9 (RLIN) 30701
650 #4 - ASIENTO SECUNDARIO DE MATERIA--TÉRMINO DE MATERIA
Término de materia o nombre geográfico como elemento inicial derecho comunitario
9 (RLIN) 29866
650 #4 - ASIENTO SECUNDARIO DE MATERIA--TÉRMINO DE MATERIA
Término de materia o nombre geográfico como elemento inicial texto
9 (RLIN) 29624
653 10 - TÉRMINO DE INDEXACIÓN--NO CONTROLADO
Término no controlado Legislación
700 1# - ENCABEZAMIENTO SECUNDARIO--NOMBRE PERSONAL
Nombre de persona Mangas Martín, Araceli
Término indicativo de función ed. lit.
9 (RLIN) 17388
710 12 - ENCABEZAMIENTO SECUNDARIO--NOMBRE CORPORATIVO
Nombre de entidad o nombre de jurisdicción como elemento inicial Unión Europea
Título de la obra Tratados, protocolos, declaraciones, etc.
9 (RLIN) 5139
730 02 - ENCABEZAMIENTO SECUNDARIO--TÍTULO UNIFORME
Título uniforme Tratado de la Unión Europea
Fecha de la firma de un tratado 1992
Nombre de parte o sección de la obra Versión consolidada
9 (RLIN) 32935
775 0# - ENTRADA DE OTRA EDICIÓN
Título Tratado de la Unión Europea, Tratados constitutivos de las Comunidades Europeas y otros actos básicos de Derecho comunitario
Número de control del registro relacionado (ES-MaCES)52935
830 #0 - ENCABEZAMIENTO SECUNDARIO DE COLECCIÓN--TÍTULO UNIFORME
Título uniforme Biblioteca de textos legales (Editorial Tecnos)
Designación de volumen o secuencia 149
9 (RLIN) 32312
902 ## - CES. TIPO DE DOCUMENTO
Tipodoc (006$c Sirtex) LIB Libro
942 ## - ELEMENTOS KOHA
Fuente de clasificaión o esquema Clasificación propia del CES
Koha [por defecto] tipo de item Monografías
Parte de clasificación Legislación
Existencias
Número de registro Signatura completa Tipo de item de Koha
095227 DPT-14179 Monografías
© CES, Consejo Económico y Social de España 2021